| 000 | 00000nam##2200000za#4500 |
| 001 | 9.688654 |
| 003 | CaOODSP |
| 005 | 20210624231529 |
| 007 | cr ||||||||||| |
| 008 | 150407|2000||||xxc|||||o f|0| 0 eng|d |
| 040 | |aCaOODSP|beng |
| 043 | |an-cn--- |
| 086 | 1 |aSW21-17/2000E-PDF |
| 110 | 1 |aCanada. |bStatus of Women Canada. |
| 245 | 10|aEconomic gender equality indicators, 2000 / |h[electronic resource]|cby Warren Clark. |
| 260 | |aOttawa - Ontario : |bStatus of Women Canada |c2000. |
| 300 | |a8p.|bgraphs, table |
| 590 | |a06-10-Supp|b2006-12-15 |
| 690 | 07|aEconomic indicators|2gcpds |
| 690 | 07|aGender equality|2gcpds |
| 720 | 1 |aClark, Warren |
| 775 | 08|tIndicateurs économiques de l'égalité etre les sexes, 2000 / |w(CaOODSP)9.633075 |
| 856 | 40|ahttp://publications.gc.ca|qPDF|s350 KB|uhttps://publications.gc.ca/collections/Collection/SW21-17-2000E.pdf |